000 00648nam a2200181Ia 4500
008 100920s9999 xx 000 0 und d
082 _b98511
_a570580 न 07
100 _aमहानोर ना.धो.
245 _aशेती आत्मनाश आणि नवसंजीवन.
260 _bसाकेतऔरंगाबाद.
_c2007
300 _a95
_bसाधी
365 _b70
520 _aशाऊ.
630 _aशेती आत्मनाश आणि नवसंजीवन.
650 _aशाऊ.
730 _aशेती आत्मनाश आणि नवसंजीवन.
942 _cBOOK
999 _c738949
_d738946